000 00913cam a22002411 4500
001 hew63000018
003 DLC
005 20260227111512.0
008 761210s1962 dcua f000 0 eng c
010 _ahew63000018
035 _a(OCoLC)2612278
040 _aU.S. Dept. of Health, Education, and Welfare. Library
_cNPotU
_dNPotU
_dOCoLC
_dDLC
042 _apremarc
050 0 0 _aHQ768
_b.U64 no. 1
086 0 _aFS 3.224:1
100 1 _aMead, Margaret,
_d1901-1978.
245 1 2 _aA creative life for your children.
260 _a[Washington]
_bU.S. Dept. of Health, Education, and Welfare, Social Security Administration, Children's Bureau; [for sale by the Superintendent of Documents, U.S. Govt. Print. Off.]
_c1962.
300 _a41 p.
_billus.
_c25 cm.
410 1 0 _aUnited States.
_bChildren's Bureau.
_tHeadliner series,
_vno. 1
650 0 _aChildren
_xGrowth.
650 0 _aChild welfare
_zUnited States.
999 _c34400
_d34400